Southville International School and Colleges

A History of Chinese Literature (Record no. 272962)

000 -LEADER
fixed length control field 00575cam a22002053a 4500
001 - CONTROL NUMBER
control field 43711
003 - CONTROL NUMBER IDENTIFIER
control field PGUSA
005 - DATE AND TIME OF LATEST TRANSACTION
control field 20140828084008.0
008 - FIXED-LENGTH DATA ELEMENTS--GENERAL INFORMATION
fixed length control field 130913s2013||||xxu|||||s|||||000 | eng d
040 ## - CATALOGING SOURCE
Original cataloging agency PGUSA
Language of cataloging eng
042 ## - AUTHENTICATION CODE
Authentication code dc
100 1# - MAIN ENTRY--PERSONAL NAME
Personal name Giles, Herbert A.
245 12 - TITLE STATEMENT
Title A History of Chinese Literature
Medium [electronic resource] /
Statement of responsibility, etc Herbert A. Giles
260 ## - PUBLICATION, DISTRIBUTION, ETC. (IMPRINT)
Name of publisher, distributor, etc Project Gutenberg,
Date of publication, distribution, etc 2013
506 ## - RESTRICTIONS ON ACCESS NOTE
Terms governing access Public domain in the USA.
516 ## - TYPE OF COMPUTER FILE OR DATA NOTE
Type of computer file or data note Electronic text
830 #0 - SERIES ADDED ENTRY--UNIFORM TITLE
Uniform title Project Gutenberg
Volume number/sequential designation 43711
856 40 - ELECTRONIC LOCATION AND ACCESS
Uniform Resource Identifier http://www.gutenberg.org/ebooks/43711
942 ## - ADDED ENTRY ELEMENTS (KOHA)
Koha item type eBooks
Holdings
Date acquired Permanent Location Price effective from Koha item type Current Location Lost status Withdrawn status Date last seen Damaged status
2014-08-28Project Gutenberg2014-08-28eBooksProject Gutenberg  2014-08-28 
Powered by Koha